Estatísticas para Quiz das Maiores Cidades dos Estados Unidos

Clique aqui para jogar o quiz

Estatísticas Gerais

  • Esse quiz foi jogado 2 489 vezes
  • A pontuação média é 9 de 20

Estatísticas das Respostas

PopulaçãoEstadoCidade% Correto
8,398,748Nova IorqueCidade de Nova Iorque
99%
3,990,456CalifórniaLos Angeles
93%
2,705,994IlinóisChicago
77%
702,455Distrito de ColúmbiaWashington D.C
74%
883,305CalifórniaSão Francisco
72%
1,345,047TexasDallas
59%
2,325,502TexasHouston
59%
744,955WashingtonSeattle
50%
1,584,138PensilvâniaFiladélfia
47%
1,425,976CalifórniaSan Diego
45%
716,492ColoradoDenver
39%
964,254TexasAustin
34%
1,660,272ArizonaPhoenix
33%
1,532,233TexasSan Antonio
25%
867,125IndianaIndianápolis
22%
903,889FlóridaJacksonville
20%
872,498Carolina do NorteCharlotte
18%
1,030,119CalifórniaSão José
16%
892,533OhioColumbus
13%
895,008TexasFort Worth
8%

Distribuição das Pontuações

Percentil de Números Respondidos

Porcentagem de Pessoas com Cada Pontuação

Sua Pontuação Histórica

Você não jogou esse quiz